Nové možnosti aktivizácie predaja v oblasti potravinárskych produktov dizertačná práca

Gespeichert in:
Bibliographische Detailangaben
1. Verfasser: Gondárová, Jana, 1983-
Körperschaft: Obchodná fakulta EU. Katedra tovaroznalectva a kvality tovaru
Weitere Verfasser: Lacková, Alica
Format: Buch
Sprache:Slowakisch
Veröffentlicht: Bratislava 2011
Schlagworte:
Tags: Tag hinzufügen
Keine Tags, Fügen Sie das erste Tag hinzu!

MARC

LEADER 00000nbm a2200000 4500
001 0143572
005 20240502072556.7
041 0 |a slo 
044 |a SK 
245 1 0 |a Nové možnosti aktivizácie predaja v oblasti potravinárskych produktov  |b dizertačná práca  |c Jana Gondárová ; školiteľ: Alica Lacková 
264 1 |a Bratislava  |c 2011 
300 |a 107 s. 
610 2 0 |a biopotraviny 
610 2 0 |a predaj 
610 2 0 |a legislatíva 
610 2 0 |a komunikácia marketingová 
100 1 |a Gondárová, Jana, 1983- 
700 1 |a Lacková, Alica 
710 2 |a Obchodná fakulta EU. Katedra tovaroznalectva a kvality tovaru